000 00531nam a2200181Ia 4500
008 151202s9999||||xx |||||||||||||| ||und||
082 _bPNVM-55695
100 _aचेस जेम्स हॅडले.
245 _aदुहेरी फास.
260 _b---
260 _c0
300 _a0
600 _aचेस जेम्स हॅडले.
630 _aदुहेरी फास.
700 _aचेस जेम्स हॅडले.
730 _aदुहेरी फास.
942 _cBOOK
999 _c1322233
_d1322230